000 00890nam a22002897a 4500
003 CHAP
005 20220329134016.0
008 971013s r 00010 d
010 _a14006
011 _a14978
035 _a19052
040 _cCHAP
082 _a338.9
_bH43
100 0 0 _aHernández, Porfirio A.
_954796
245 _aPlaneación y control de cultivos agrícolas
260 _aMéxico, D. F. :
_bCentro de Productividad,
_c(s.a.)
300 _a108 h.
590 _aBATCH-UPD
_b10
_c20130110
_lUCH01
_h1902
590 _aBATCH-UPD
_b10
_c20130410
_lUCH01
_h1230
590 _aBATCH-UPD
_b10
_c20130914
_lUCH01
_h1117
590 _aCONVERSION
_b10
_c20130109
_lUCH01
_h1309
650 1 4 _aCultivos
_xRendimiento.
_930318
650 1 4 _aPolítica agrícola.
_990283
901 _aBK
942 _cLIBRO
949 _a338.9 H43
_bBC
_cLIBRO
_d33724000418422
_eLIBRO
_h47517
_i19052
_mD
_si
999 _c14006
_d14006